Normal view
MARC view
- Mooney, Jennifer
Entry Personal Name
001 - CONTROL NUMBER
- control field: 98675
003 - CONTROL NUMBER IDENTIFIER
- control field: NUST
005 - DATE AND TIME OF LATEST TRANSACTION
- control field: 20220830121141.0
008 - FIXED-LENGTH DATA ELEMENTS
- fixed length control field: 220830|| aca||aabn | a|a d
040 ## - CATALOGING SOURCE
- Original cataloging agency: NUST
- Transcribing agency: NUST
100 ## - HEADING--PERSONAL NAME
- Personal name: Mooney, Jennifer
670 ## - SOURCE DATA FOUND
- Source citation: Work cat.: (NUST)174599: Dickens, Charles, 1812-1870. 12180, Our mutual friend /, 2002.
